Eagles Super Bowl LIX Starting Roster - Statistics

General Stats
  • This quiz has been taken 658 times
  • The average score is 22 of 30
Answer Stats
Position Answer % Correct
QB Jalen Hurts
99%
WR A.J. Brown
98%
RB Saquon Barkley
98%
WR DeVonta Smith
97%
LB Nolan Smith Jr.
93%
NB Cooper DeJean
90%
PR Cooper DeJean
90%
RT Lane Johnson
89%
TE Dallas Goedert
87%
WR Jahan Dotson
85%
SS C.J. Gardener-Johnson
84%
LB Zach Baun
82%
DE Jalen Carter
80%
LT Jordan Mailata
80%
C Cam Jurgens
78%
PK Jake Elliot
78%
LG Landon Dickerson
78%
CB Darius Slay Jr.
75%
CB Quinyon Mitchell
73%
HC Nick Sirianni
72%
FS Reed Blankenship
69%
NT Jordan Davis
65%
RG Mekhi Becton
62%
P Braden Mann
58%
H Braden Mann
58%
LB Josh Sweat
56%
DE Milton Williams
48%
LB Oren Burks
36%
LS Rick Lovato
34%
KR Isiah Rodgers
23%
No matching quizzes found
Score Distribution
Percent of People with Each Score
Percentile by Number Answered
Your Score History
You have not taken this quiz